Catálogo público

Análisis sectorial de la agroindustria alimentaria / (Record no. 182833)

MARC details
000 -CABECERA
campo de control de longitud fija 00580nam a2200169Ia 4500
001 - NÚMERO DE CONTROL
campo de control IA_3581,01/08/2007,01/08/2007,0000002000 mx 0000000000spa00,"
008 - DATOS DE LONGITUD FIJA--INFORMACIÓN GENERAL
campo de control de longitud fija 220117s xx 000 0 und d
010 ## - NÚMERO DE CONTROL DE LA BIBLIOTECA DEL CONGRESO
Número de control de LC 182833
020 ## - NÚMERO INTERNACIONAL ESTÁNDAR DEL LIBRO
Número Internacional Estándar del Libro 968-18-6107-8
082 ## - NÚMERO DE LA CLASIFICACIÓN DECIMAL DEWEY
Número de clasificación 338.763 C6
110 ## - ENTRADA PRINCIPAL--NOMBRE DE ENTIDAD CORPORATIVA
Nombre de entidad corporativa o nombre de jurisdicción como elemento de entrada Consejo de normalización y certificación de competencia laboral
9 (RLIN) 154947
245 ## - MENCIÓN DE TÍTULO
Título Análisis sectorial de la agroindustria alimentaria /
Mención de responsabilidad, etc. Conocer
260 ## - PUBLICACIÓN, DISTRIBUCIÓN, ETC.
Lugar de publicación, distribución, etc. México :
Nombre del editor, distribuidor, etc. LUMISA,
300 ## - DESCRIPCIÓN FÍSICA
Extensión 99 p.
500 ## - NOTA GENERAL
Nota general C/e
650 ## - PUNTO DE ACCESO ADICIONAL DE MATERIA--TÉRMINO DE MATERIA
Término de materia o nombre geográfico como elemento de entrada Industrias agrícolas
9 (RLIN) 57925

No items available.